000 00943njm a2200241 i 4500
001 4616
003 ES-MaACL
005 20240620063043.0
007 s|r|||||||||||
008 070801n1964 sp ||| g ||||||||1|nspa d
100 1 _aMiranda, Sebastián.
_981537
245 1 0 _aMi vida a trozos
_h[Grabación sonora] /
_cinterviene Sebastián Miranda.
260 _aMadrid :
_bAteneo de Madrid,
_c1964.
300 _a1 disco (CD-DA) (1 h. 10 min. 2 seg.) ;
_c12 cm.
500 _aDatos basados en invitación.
518 _aActo organizado por el Aula de Literatura del Ateneo de Madrid, grabado en el salón de actos el martes 15 de diciembre de 1964.
610 2 4 _aAteneo de Madrid-
_xActos culturales-
_y1964-
_vGrabaciones sonoras.
_91878
650 1 4 _aAutobiografía.
_910422
710 2 _aAteneo de Madrid.
_bAula de Literatura.
_91943
852 _aES-MaACL
_jROT 3/1/12
_94733
_cROT
942 _2udc
999 _c4616
_d4616